| Tag |
First Indicator |
Second Indicator |
Subfields |
| LEADER |
00000cam a2200000 i 4500 |
| 001 |
in00000063800 |
| 005 |
20151008050654.0 |
| 008 |
780524s1959 ii a b 00110 eng c |
| 010 |
|
|
|a a 62001417
|
| 035 |
|
|
|a (OCoLC)03921778
|
| 035 |
|
|
|9 AAG2519AM
|
| 040 |
|
|
|a Rochester Univ. Libr.
|c EYR
|d TXA
|d UtOrBLW
|
| 043 |
|
|
|a a-ii---
|
| 049 |
|
|
|a TXAM
|c [333610]
|
| 090 |
|
|
|a HG1234
|b .G56 1959
|
| 092 |
|
|
|a 332.414
|b G427i
|
| 100 |
1 |
|
|a Ghosh, Santikumar.
|
| 245 |
1 |
0 |
|a Inflation in an underdeveloped economy :
|b a study of inflation in India.
|
| 264 |
|
1 |
|a Calcutta :
|b World Press Private,
|c 1959.
|
| 300 |
|
|
|a xiii, 179, pages ;
|c 23 cm.
|
| 336 |
|
|
|a text
|b txt
|2 rdacontent
|
| 337 |
|
|
|a unmediated
|b n
|2 rdamedia
|
| 338 |
|
|
|a volume
|b nc
|2 rdacarrier
|
| 500 |
|
|
|a Pts. 1-2 based on "an earlier version of the manuscript ... accepted by the University of London as a thesis ... for the Ph.D. degree [under title: Inflation in India, 1939-1952]"
|
| 500 |
|
|
|a Pt. 3 has special t.-p.: Deficit financing for development and inflation pressure. Calcutta, World Press Private, 1959.
|
| 504 |
|
|
|a Includes bibliographical references and indexes.
|
| 650 |
|
0 |
|a Inflation (Finance)
|z India.
|
| 999 |
|
|
|a MARS
|
| 999 |
f |
f |
|s 90b7aa88-e189-392c-b06c-896ea86dd3d1
|i 7f5f3d5f-ab7c-3a89-a06b-9b6e32411518
|t 0
|
| 952 |
f |
f |
|p ric
|a Texas A&M University
|b Rellis Campus
|c Joint Library Facility
|d Remote Storage
|t 0
|e HG1234 .G56 1959
|h Library of Congress classification
|i unmediated -- volume
|m A14800733600
|
| 998 |
f |
f |
|a HG1234 .G56 1959
|t 0
|l Remote Storage
|